Twilight in the desert : the coming saudi oil shock and the world economy

Bibliographic Details
Main Author: Simmons, Matthew R.
Format: Book
Published: New Jersey : John Wiley & Sons, Inc , 2005
Subjects:

MARC

LEADER 00000cam a2200000 7i4500
001 0000027339
005 20090826.0
008 090826
020 |a 047173876X 
090 0 0 |a 338.272809538   |b SIM 
100 1 |a Simmons, Matthew R. 
245 1 0 |a Twilight in the desert :   |b the coming saudi oil shock and the world economy   |c Matthew R.Simmons 
260 |a New Jersey :   |b John Wiley & Sons, Inc ,   |c 2005 
300 |a ix, 422p. ;   |c 23cm. 
504 |a Includes bibliographical references and index 
650 0 |a Petroleum industry and trade   |z Saudi Arabia 
650 0 |a Petroleum industry and trade   |z Saudi Arabia   |x Forecasting 
650 0 |a Pteroleum reserves   |z Saudi Arabia 
999 |a 0001060053   |b Book   |c Adult Collection   |e Perbadanan Perpustakaan Awam Johor